[Event "Top 16 Groupe B"]
[Site "Chartres, France"]
[Date "2024.06.05"]
[Round "7.5"]
[White "Makkar, Rajat"]
[Black "Robin, Samy"]
[Result "1-0"]
[WhiteElo "2453"]
[BlackElo "2329"]
[PlyCount "123"]
[EventDate "2024.??.??"]

1. d4 {2} g6 {7} 2. e4 {13} Bg7 {5} 3. c4 {6} e6 {79} 4. Nc3 {17} Ne7 {89} 5.
Nf3 {7} d5 {14} 6. Bd3 {4} c5 {452} 7. dxc5 {414} Qa5 {1187} 8. O-O {168} dxc4
{115} 9. Bxc4 {119} Qxc5 {23} 10. Nb5 {1271} O-O {242} 11. b3 {25} Nbc6 {355}
12. Be3 {499} Qh5 {581} 13. Be2 {90} Rd8 {665} 14. Qc2 {306} Ne5 {742} 15. Rad1
{1267} Bd7 {88} 16. Nxe5 {29} Qxe5 {19} 17. f4 {7} Qb2 {407} 18. Qxb2 {61} Bxb2
{35} 19. Nxa7 {54} Be8 {236} 20. a4 {79} e5 {92} 21. Nb5 {140} Bxb5 {213} 22.
Bxb5 {11} Nc6 {292} 23. Bxc6 {180} bxc6 {2} 24. fxe5 {12} Bxe5 {43} 25. Bc5 {
222} Kg7 {108} 26. Kf2 {64} Kf6 {15} 27. Ke2+ {20} Ke6 {3} 28. h3 {1} Rdb8 {50}
29. Rd3 {25} h5 {31} 30. Rc1 {5} Ra6 {72} 31. Rc2 {55} Ra5 {62} 32. Be3 {81}
Ra6 {2} 33. Bd2 {7} Bc7 {60} 34. Rc4 {84} Be5 {22} 35. a5 {283} Rb5 {35} 36. b4
{26} Bd6 {36} 37. Rcd4 {49} Be7 {10} 38. Bc3 {102} Rg5 {29} 39. g3 {33} Rb5 {25
} 40. Kf3 {28} Rb7 {42} 41. Rc4 {68} Rb5 {182} 42. e5 {159} Rb7 {337} 43. g4 {
166} hxg4+ {21} 44. Kxg4 {15} Rb8 {71} 45. Rf3 {57} Rb7 {289} 46. h4 {402} Rd7
{150} 47. Rcf4 {37} Bd8 {42} 48. b5 {19} Ra8 {147} 49. b6 {114} c5 {44} 50. Ra4
{139} Rb7 {60} 51. Rc4 {135} Kd5 {56} 52. Rcf4 {6} Ke6 {13} 53. Rf1 {56} Ra6 {
130} 54. R4f3 {130} Ra8 {34} 55. h5 {120} gxh5+ {162} 56. Kxh5 {5} Ra6 {155}
57. Kg4 {13} Ra8 {49} 58. Kf4 {32} Rd7 {248} 59. Ke4 {26} Bg5 {63} 60. Rxf7 {
133} Rxf7 {33} 61. Rxf7 {4} Kxf7 {9} 62. b7 {17} 1-0

[Event "Top 16 Groupe B"]
[Site "Chartres, France"]
[Date "2024.06.05"]
[Round "7.6"]
[White "Castro, John"]
[Black "Defromont, Benjamin"]
[Result "1/2-1/2"]
[WhiteElo "2240"]
[BlackElo "2393"]
[PlyCount "143"]
[EventDate "2024.??.??"]

1. e4 {2} g6 {17} 2. d4 {15} Bg7 {5} 3. Nc3 {20} d6 {6} 4. Be3 {24} a6 {38} 5.
Qd2 {81} b5 {66} 6. O-O-O {46} Nf6 {353} 7. f3 {19} h5 {219} 8. h4 {71} b4 {77}
9. Nce2 {225} a5 {253} 10. Kb1 {205} c6 {80} 11. Nf4 {621} Ba6 {12} 12. Ngh3 {
131} Bxf1 {227} 13. Rhxf1 {22} Nbd7 {74} 14. Qe2 {1867} Qc8 {557} 15. Ng5 {474}
Qa6 {329} 16. Qf2 {21} Rc8 {494} 17. g4 {586} Qb5 {844} 18. gxh5 {488} Nxh5 {49
} 19. Nxh5 {42} Rxh5 {9} 20. f4 {27} a4 {440} 21. f5 {233} gxf5 {159} 22. e5 {
101} e6 {92} 23. Ne4 {154} Bf8 {76} 24. Ng3 {103} Rh8 {132} 25. Bg5 {245} b3 {
428} 26. cxb3 {37} axb3 {4} 27. Nxf5 {138} exf5 {82} 28. Qxf5 {8} Qc4 {34} 29.
axb3 {195} Qe6 {8} 30. Qd3 {38} d5 {68} 31. Qa6 {42} Rb8 {87} 32. Qa7 {29} Qg6+
{73} 33. Ka1 {18} Qc2 {117} 34. e6 {23} fxe6 {24} 35. Rde1 {5} Be7 {234} 36.
Bxe7 {107} Qxb3 {544} 37. Ba3 {11} Qb6 {19} 38. Rxe6+ {47} Kd8 39. Qa4 {36} Qb5
{16} 40. Qxb5 {28} Rxb5 {19} 41. Rxc6 {641} Rxh4 {70} 42. Rd6 {67} Rh7 {284}
43. Rf5 {155} Kc7 {47} 44. Rfxd5 {54} Rxd5 {63} 45. Rxd5 {1} Rh1+ {75} 46. Ka2
{6} Rd1 {3} 47. Bc5 {295} Nxc5 {4} 48. Rxc5+ {5} Kb6 {3} 49. Rc4 {86} Kb5 {83}
50. b3 {19} Rd2+ {27} 51. Ka3 {19} Rd3 {455} 52. Kb2 {239} Rh3 53. Rc8 {225}
Rh2+ {142} 54. Ka3 {128} Rd2 {86} 55. Rd8 {23} Rd3 {39} 56. Kb2 {26} Rh3 {15}
57. Rb8+ {179} Kc6 {21} 58. Kc2 {18} Kd5 {54} 59. Rd8+ {42} Kc6 {21} 60. Rg8 {
174} Kb5 {140} 61. d5 {94} Kc5 {53} 62. Rd8 {39} Rh2+ {34} 63. Kc3 {13} Rh3+ {5
} 64. Kb2 {18} Kb4 {228} 65. d6 {37} Rh2+ {3} 66. Kc1 {16} Kc5 {46} 67. b4+ {61
} Kc6 {3} 68. b5+ {24} Kxb5 {34} 69. Rc8 {11} Rh7 {9} 70. Rc7 {24} Rh6 {35} 71.
d7 {21} Rd6 {7} 72. Kc2 {29} 1/2-1/2

[Event "Top 16 Groupe B"]
[Site "Chartres, France"]
[Date "2024.06.05"]
[Round "7.7"]
[White "Bressac, Stephane"]
[Black "Ronce, Nathan"]
[Result "1/2-1/2"]
[WhiteElo "2277"]
[BlackElo "2189"]
[PlyCount "202"]
[EventDate "2024.??.??"]

1. e4 {3} c5 {7} 2. c3 {36} Nf6 {27} 3. e5 {15} Nd5 {4} 4. Nf3 {15} d6 {49} 5.
exd6 {28} e6 {343} 6. g3 {42} Bxd6 {266} 7. Bg2 {74} O-O {70} 8. O-O {11} Nc6 {
115} 9. d4 {15} cxd4 {174} 10. Nxd4 {16} Nxd4 {23} 11. Qxd4 {25} Qc7 {40} 12.
Rd1 {752} Be5 {1582} 13. Qe4 {998} Rb8 {285} 14. Re1 {438} Bd6 {343} 15. c4 {73
} Ne7 {249} 16. Nc3 {38} Bd7 {359} 17. Nb5 {275} Bxb5 {14} 18. cxb5 {8} Nd5 {76
} 19. Bd2 {101} Rbc8 {171} 20. Rac1 {109} Qd7 {237} 21. Qd3 {189} Rc5 {190} 22.
a4 {282} Rfc8 {231} 23. Rcd1 {6} Bb8 {542} 24. Be3 {210} Rc4 {150} 25. Bxd5 {14
} exd5 {1} 26. b3 {20} Rc3 {64} 27. Qxd5 {17} Qxd5 {39} 28. Rxd5 {7} h6 {314}
29. Red1 {12} b6 {144} 30. Rd7 {90} Kf8 {31} 31. Rb7 {81} R3c7 {109} 32. Rd7
Rxd7 {45} 33. Rxd7 {7} Bc7 {30} 34. Rd4 {132} Ke7 {74} 35. Rc4 {83} Kd7 {5} 36.
Kf1 {142} Re8 {46} 37. Ke2 {20} Re6 {62} 38. Kd3 {124} h5 {47} 39. Rd4+ {109}
Kc8 {37} 40. Re4 {39} Kd7 {11} 41. Rd4+ {239} Rd6 {426} 42. Kc4 {31} Ke6 {232}
43. Re4+ {68} Kd7 {51} 44. Bf4 {75} Rd1 {380} 45. Bxc7 {118} Rc1+ {8} 46. Kd5 {
5} Rc5+ {58} 47. Kd4 {6} Rxc7 {18} 48. Kd3 {91} Rc1 {163} 49. Rd4+ {8} Ke6 {58}
50. Rc4 {7} Rd1+ {4} 51. Ke2 {18} Rd7 {7} 52. Ke3 {6} Ke5 {81} 53. Rc6 {65} g6
{34} 54. f4+ {83} Kf5 {639} 55. h3 {138} Rd1 {5} 56. Rc7 {40} f6 {33} 57. Rxa7
{202} Rb1 {122} 58. Ra6 {3} Rxb3+ {20} 59. Kd4 {4} Rxg3 {57} 60. Rxb6 {4} Rxh3
{9} 61. a5 {77} Ra3 {15} 62. a6 {5} h4 {20} 63. Rb7 {42} h3 {58} 64. Rh7 {12}
g5 {33} 65. a7 {39} g4 {21} 66. b6 {48} g3 {6} 67. Rxh3 {298} g2 {8} 68. Rxa3 {
21} g1=Q+ {5} 69. Kc4 {90} Qc1+ {76} 70. Rc3 Qf1+ {80} 71. Kc5 {36} Qa6 {38}
72. Rb3 {30} Qb7 {20} 73. Kb5 {46} Kxf4 {51} 74. Rc3 {36} Ke4 {44} 75. Rc7 {5}
Qd5+ {12} 76. Rc5 {151} Qb7 {19} 77. Rc7 {151} Qd5+ {4} 78. Kb4 {78} Ke3 {31}
79. Rc8 {241} Qd2+ {77} 80. Kb5 {60} Qd7+ {13} 81. Rc6 {16} Qd5+ {21} 82. Rc5 {
3} Qb7 {39} 83. Rc7 {2} Qd5+ {7} 84. Ka6 {24} f5 {56} 85. Rc8 {82} Qa2+ {15}
86. Kb7 {4} Qd5+ {8} 87. Rc6 {15} Qd7+ {9} 88. Rc7 {4} Qd5+ {7} 89. Kc8 {23}
Qa8+ {41} 90. Kd7 {4} Qd5+ {55} 91. Ke7 {107} Qa8 {58} 92. Kd6 {64} Kd4 {39}
93. Rd7 {103} f4 {40} 94. Kc7+ {6} Kc5 {7} 95. Rd6 {96} Kb5 {36} 96. Rf6 {78}
f3 {10} 97. b7 {85} Qxa7 {11} 98. Rf5+ {4} Ka6 {98} 99. Rf6+ {8} Kb5 {4} 100.
Rf5+ {3} Ka6 {30} 101. Rf6+ {19} Kb5 {16} 1/2-1/2

[Event "Top 16 Groupe B"]
[Site "Chartres, France"]
[Date "2024.06.05"]
[Round "7.8"]
[White "Bismuth, Lea"]
[Black "Bensdorp-De Labaca, Marlies"]
[Result "0-1"]
[WhiteElo "1982"]
[BlackElo "2229"]
[PlyCount "80"]
[EventDate "2024.??.??"]

1. e4 {2} c6 {3} 2. d4 {21} d5 {4} 3. Nc3 {10} dxe4 {4} 4. Nxe4 {6} Nf6 {4} 5.
Nxf6+ {24} exf6 {5} 6. Nf3 {27} Bd6 {7} 7. Be2 {53} O-O {32} 8. O-O {46} Bg4 {
225} 9. h3 {76} Be6 {5} 10. b3 {376} a5 {38} 11. Bb2 {1047} a4 {397} 12. Nd2 {
63} a3 {506} 13. Bc3 {74} b5 {46} 14. Ne4 {137} Be7 {98} 15. Bf3 {398} Na6 {655
} 16. Qd3 {463} Qd7 {548} 17. Rfd1 {126} Rfd8 {34} 18. Qe3 {119} Qa7 {192} 19.
Rac1 {404} Rac8 {14} 20. Ng3 {1185} Bf8 {415} 21. Be4 {198} Bd5 {146} 22. Qf3 {
384} Nc7 {403} 23. h4 {143} Ne6 {154} 24. Nf5 {11} g6 {401} 25. Ne3 {13} Bxe4 {
75} 26. Qxe4 {2} f5 {19} 27. Nxf5 {402} gxf5 {7} 28. Qxf5 {2} Rd5 {558} 29.
Qg4+ {9} Bg7 {39} 30. Rd3 {16} Qc7 {218} 31. g3 {339} Rcd8 {141} 32. Re1 {40}
h5 {170} 33. Qe4 {95} Qd6 {42} 34. f4 {53} b4 {11} 35. Ba1 {11} Bxd4+ {108} 36.
Bxd4 {30} Rxd4 {6} 37. Qf5 {46} Rxd3 {92} 38. Qxd3 {55} Qxd3 {22} 39. cxd3 {1}
Rxd3 {10} 40. f5 {64} Nd4 {29} 0-1

[Event "Top 16 Groupe B"]
[Site "Chartres, France"]
[Date "2024.06.05"]
[Round "7.9"]
[White "Neiksans, Arturs"]
[Black "Narayanan S L"]
[Result "1/2-1/2"]
[WhiteElo "2575"]
[BlackElo "2695"]
[PlyCount "174"]
[EventDate "2024.??.??"]

1. e4 {3} c5 {30} 2. Nf3 {19} d6 {6} 3. Bb5+ {25} Nd7 {24} 4. Ba4 {114} g6 {15}
5. O-O {35} Ngf6 {5} 6. Re1 {60} a6 {27} 7. c3 {259} c4 {6} 8. Bc2 {410} Bg7 {
14} 9. b3 {196} b5 {35} 10. Qe2 {1124} Nb6 {317} 11. bxc4 {76} bxc4 {11} 12. a4
{73} a5 {820} 13. e5 {107} dxe5 {67} 14. Nxe5 {43} Be6 {65} 15. Na3 {217} Rc8 {
737} 16. Nb5 {72} O-O {117} 17. Ba3 {193} Re8 {1000} 18. Rab1 {199} Nfd7 {205}
19. Nf3 {116} Bf6 {49} 20. Qe3 {365} Bd5 {144} 21. h4 {1467} Bxf3 {592} 22.
Qxf3 {4} Ne5 {16} 23. Qe4 {67} Qxd2 {471} 24. Red1 {236} Qh6 {22} 25. Na7 {103}
Rc7 {93} 26. Rxb6 {188} Rxa7 {12} 27. Rb5 {17} Qg7 {1040} 28. Rdd5 {63} Nd7 {19
} 29. Rxa5 {97} Rc7 {95} 30. Rdb5 {200} Bxc3 {63} 31. Ra8 {17} Rxa8 {6} 32.
Qxa8+ {4} Qf8 {4} 33. Qf3 {42} Bf6 {26} 34. a5 {66} Qc8 {5} 35. h5 {93} Qa6 {55
} 36. Rd5 {5} Qc6 {66} 37. Qd1 {77} Qe6 {123} 38. h6 {21} Nf8 {60} 39. Ba4 {62}
c3 {8} 40. Rd8 {59} Rc8 {12} 41. Rxc8 {878} Qxc8 {56} 42. Qd3 {101} Qg4 {16}
43. Bd1 {82} Qg5 {138} 44. Bb4 {210} Ne6 {1093} 45. Bxc3 {92} Qxh6 {221} 46.
Bd2 {345} Qf8 {120} 47. Be3 {67} Qc8 {86} 48. Be2 {182} Qc7 {62} 49. a6 {69}
Nc5 {18} 50. Qc4 {8} Nxa6 {5} 51. Qxa6 {2} h5 {21} 52. Qc4 {13} Qa5 {11} 53. g3
{30} Kg7 {4} 54. Kg2 {10} Qf5 {28} 55. Bf3 {19} Qd7 {59} 56. Qe4 {9} Qd6 {8}
57. Be2 {24} Qd7 {19} 58. Bc4 {38} Qc8 {19} 59. Qd5 {29} e6 {40} 60. Qe4 {6}
Qc7 {11} 61. Be2 {21} Qc3 {13} 62. Qb7 {41} Bd4 {28} 63. Bxd4+ {71} Qxd4 {4}
64. Qf3 {21} Qe5 {5} 65. Bd3 {11} Kg8 {53} 66. Qf4 {44} Qb2 {18} 67. Be4 {37}
Qc3 {10} 68. Qe3 {41} Qf6 {56} 69. Bd3 {28} Qb2 {38} 70. Be2 {13} Kg7 {5} 71.
f4 {15} Kf6 {19} 72. Kh3 {46} Qa1 {4} 73. Bf3 {7} Qb2 {6} 74. Qc5 {31} Qa1 {110
} 75. Qg5+ {89} Kg7 {6} 76. Qe5+ {24} Qxe5 {6} 77. fxe5 {3} Kh6 {26} 78. Bc6 {
138} Kg7 {196} 79. Kh4 {51} Kh6 {5} 80. Kh3 {49} g5 {39} 81. Be8 {27} Kg7 {16}
82. Kg2 {21} g4 {22} 83. Kf2 {58} h4 {13} 84. gxh4 {24} f6 {17} 85. Kg3 {25}
fxe5 {5} 86. Bc6 {14} e4 {5} 87. Bxe4 {33} e5 {4} 1/2-1/2

[Event "Top 16 Groupe B"]
[Site "Chartres, France"]
[Date "2024.06.05"]
[Round "7.10"]
[White "Navara, David"]
[Black "Kulaots, Kaido"]
[Result "1/2-1/2"]
[WhiteElo "2678"]
[BlackElo "2520"]
[PlyCount "66"]
[EventDate "2024.??.??"]

1. e4 c5 {28} 2. Nf3 {5} d6 {14} 3. d4 {4} cxd4 {4} 4. Qxd4 {9} Nc6 {114} 5.
Bb5 {14} Bd7 {22} 6. Qd3 {24} g6 {132} 7. c4 {201} Bg7 {10} 8. Nc3 {124} Nf6 {
94} 9. h3 {522} a6 {248} 10. Bxc6 {9} Bxc6 {14} 11. O-O {463} O-O {103} 12. Nd4
{7} Qb6 {304} 13. Rd1 {199} Nd7 {66} 14. Be3 {216} Qxb2 {464} 15. Rab1 {37} Qa3
{10} 16. Nxc6 {53} bxc6 {52} 17. Nd5 {9} Qxd3 18. Nxe7+ {240} Kh8 {4} 19. Rxd3
{10} Ne5 {1322} 20. Rxd6 {13} Rae8 {1114} 21. Nxc6 {487} Nxc4 {16} 22. Rd3 {10}
Rxe4 {59} 23. Bc5 {101} Rc8 {425} 24. Rd8+ {225} Rxd8 {305} 25. Nxd8 {7} Kg8 {
53} 26. Nc6 {128} h5 {233} 27. g3 {102} Nb2 {229} 28. Ba3 {352} Re2 {144} 29.
Kf1 {41} Rc2 {318} 30. Nb4 {281} Rd2 {40} 31. Nxa6 {23} Nd3 {27} 32. Bc5 {12}
Rxa2 {96} 33. Nb4 {9} Nxb4 {23} 1/2-1/2

[Event "Top 16 Groupe B"]
[Site "Chartres, France"]
[Date "2024.06.05"]
[Round "7.11"]
[White "Brunello, Sabino"]
[Black "Bluebaum, Matthias"]
[Result "1/2-1/2"]
[WhiteElo "2507"]
[BlackElo "2647"]
[PlyCount "38"]
[EventDate "2024.??.??"]

1. e4 {2} c6 {22} 2. Nf3 {12} d5 {5} 3. Nc3 {5} dxe4 {76} 4. Nxe4 {3} Nf6 {7}
5. Qe2 {307} Na6 {52} 6. d3 {242} Nxe4 {83} 7. Qxe4 {114} Qd5 {165} 8. Be2 {957
} Bf5 {511} 9. Qxd5 {490} cxd5 {37} 10. Nd4 {12} Bd7 {171} 11. f4 {64} g6 {560}
12. Be3 {414} Bg7 {37} 13. Kd2 {140} Nc7 {246} 14. a4 {187} h5 {645} 15. c3 {99
} a6 {128} 16. a5 {397} Nb5 {346} 17. Nxb5 {954} Bxb5 {21} 18. Bf3 {5} e6 {501}
19. h4 {232} Bf6 {158} 1/2-1/2

[Event "Top 16 Groupe B"]
[Site "Chartres, France"]
[Date "2024.06.05"]
[Round "7.12"]
[White "Rakotomaharo, Fy Antenaina"]
[Black "Brochet, Philippe"]
[Result "0-1"]
[WhiteElo "2448"]
[BlackElo "2399"]
[PlyCount "72"]
[EventDate "2024.??.??"]

1. e4 {3} c5 {663} 2. Nf3 {48} d6 {4} 3. d4 {12} cxd4 {6} 4. Nxd4 {3} Nf6 {6}
5. Nc3 {5} Nc6 {6} 6. Bg5 {115} Qb6 {21} 7. Nb3 {368} e6 {629} 8. Qe2 {522} Be7
{255} 9. O-O-O {38} O-O {143} 10. g4 {28} Nd5 {441} 11. exd5 {792} Bxg5+ {41}
12. Kb1 {4} Ne7 {648} 13. h4 {859} Bf4 {596} 14. Qe4 {373} e5 {33} 15. Bd3 {128
} f5 {9} 16. gxf5 {6} Bxf5 {99} 17. Qg2 {181} a5 {38} 18. Rhg1 {67} Bh6 {13}
19. Ne4 {327} Ng6 {585} 20. Nbd2 {777} Nf4 {121} 21. Nc4 {318} Qd4 {349} 22.
Qf3 {124} Nxd3 {611} 23. cxd3 {5} Bg6 {369} 24. Qe2 {132} Rf4 {67} 25. Nexd6 {
435} b5 {213} 26. Nxe5 {264} Bh5 {112} 27. Ng4 {228} Rxg4 {55} 28. Qe6+ {4} Kf8
{80} 29. Nf5 {90} Rxg1 {34} 30. Nxd4 {31} Bxd1 {24} 31. Qd6+ {23} Kg8 {11} 32.
b3 {36} Be2+ {36} 33. Kb2 {28} Bxd3 {17} 34. Nc6 {31} b4 {26} 35. a3 {22} Bd2 {
42} 36. axb4 {38} Rb1+ {29} 0-1

[Event "Top 16 Groupe B"]
[Site "Chartres, France"]
[Date "2024.06.05"]
[Round "7.13"]
[White "Marcelin, Cyril"]
[Black "Edouard, Romain"]
[Result "0-1"]
[WhiteElo "2452"]
[BlackElo "2528"]
[PlyCount "114"]
[EventDate "2024.??.??"]

1. Nf3 {6} Nf6 {48} 2. e3 {218} g6 {35} 3. d4 {9} Bg7 {17} 4. Be2 {22} b6 {14}
5. a4 {172} a5 {16} 6. O-O {173} Bb7 {4} 7. c3 {57} d6 {5} 8. b4 {168} O-O {322
} 9. b5 {691} Nbd7 {16} 10. c4 {602} Ne4 {96} 11. Nfd2 {448} Nxd2 {56} 12. Nxd2
{34} e5 {20} 13. Bf3 {595} Bxf3 {11} 14. Nxf3 {8} e4 {213} 15. Nd2 {102} f5 {5}
16. Ba3 {236} Qe7 {229} 17. Qb3 {253} Kh8 {41} 18. Rfe1 {511} Rad8 {80} 19.
Rac1 {30} Rfe8 {63} 20. Rc2 {141} h5 {56} 21. c5 {307} dxc5 {155} 22. dxc5 {15}
bxc5 {266} 23. Nc4 {152} Nb6 {250} 24. Nxa5 {567} Rd3 {18} 25. Qa2 {57} Nxa4 {
50} 26. Nb7 {186} Ra8 {2169} 27. Bxc5 {13} Qe8 {475} 28. Bd4 {4} Bxd4 29. exd4
{55} Nc5 {95} 30. Qd5 {32} Ne6 {256} 31. Qe5+ {71} Kg8 {1} 32. Rc6 {326} Nxd4 {
11} 33. Qxe8+ {104} Rxe8 {2} 34. Rxg6+ {15} Kf7 {572} 35. Rh6 {40} Kg7 {10} 36.
Rxh5 {33} Kg6 {1} 37. Rh4 {20} Nb3 {86} 38. f3 {102} e3 {690} 39. Rc4 {16} Nd4
{49} 40. Rxc7 {42} Ra8 {2} 41. f4 {1622} Ra2 {353} 42. h3 {143} Ne2+ {389} 43.
Kh1 {28} Rdd2 {44} 44. Kh2 {77} Nxf4 {2} 45. Kg3 {2} Nd3 {982} 46. Rc6+ {27}
Kh5 {29} 47. Rg1 {25} Rf2 {109} 48. Nd6 {118} f4+ {53} 49. Kh2 {4} f3 {41} 50.
Kg3 {24} Rxg2+ {20} 51. Kxf3 {46} Rxg1 {14} 52. Kxe3 {4} Rg3+ {70} 53. Kd4 {23}
Nb4 {54} 54. Rc5+ {13} Kg6 {6} 55. Rc4 {89} Rd2+ {95} 56. Kc5 {21} Nd3+ {11}
57. Kb6 {51} Ne5 {2} 0-1

[Event "Top 16 Groupe B"]
[Site "Chartres, France"]
[Date "2024.06.05"]
[Round "7.14"]
[White "Riff, Jean-Noel"]
[Black "Heinz, Timothee"]
[Result "1-0"]
[WhiteElo "2405"]
[BlackElo "2349"]
[PlyCount "47"]
[EventDate "2024.??.??"]

1. e4 {2} e6 {8} 2. d4 {5} d5 {4} 3. Nd2 {3} c5 {25} 4. Ngf3 {5} Nc6 {19} 5.
Bb5 {236} dxe4 {208} 6. Nxe4 {173} Bd7 {46} 7. dxc5 {189} Qa5+ {54} 8. Nc3 {1}
Bxc5 {86} 9. O-O {70} Nf6 {362} 10. a3 {337} Qc7 {378} 11. Bg5 {407} a6 {176}
12. Bd3 {203} Nd4 {1715} 13. Ne4 {542} Nxe4 {139} 14. Bxe4 {10} Nxf3+ {352} 15.
Qxf3 {63} Bc6 {8} 16. Rad1 {157} Bxe4 {150} 17. Qxe4 {3} Qc6 {11} 18. Qg4 {304}
f5 {320} 19. Qh5+ {232} g6 {11} 20. Qh6 {44} Bf8 {129} 21. Qh4 {142} Bg7 {18}
22. Be7 {274} Qe4 {488} 23. f4 {78} Rc8 {353} 24. Bb4 {158} 1-0

[Event "Top 16 Groupe B"]
[Site "Chartres, France"]
[Date "2024.06.05"]
[Round "7.15"]
[White "Fantinel, Thibault"]
[Black "Gatineau, Yovann"]
[Result "1-0"]
[WhiteElo "2406"]
[BlackElo "2407"]
[PlyCount "134"]
[EventDate "2024.??.??"]

1. e4 {3} e6 {36} 2. d4 {7} d5 {5} 3. Nd2 {5} c5 {8} 4. Ngf3 {5} cxd4 {23} 5.
Nxd4 {6} Nc6 {89} 6. Bb5 {23} Bd7 {9} 7. Nxc6 {6} bxc6 {34} 8. Bd3 {6} Qc7 {6}
9. Qe2 {26} Ne7 {88} 10. Nf3 {34} Ng6 {82} 11. O-O {14} Be7 {90} 12. c4 {41}
dxe4 {102} 13. Bxe4 {77} f5 {8} 14. Bc2 {13} O-O {7} 15. c5 {40} e5 {54} 16.
Ng5 {146} Bxg5 {28} 17. Qc4+ {7} Kh8 {6} 18. Bxg5 {6} Rae8 {68} 19. f3 {32} Be6
{733} 20. Qc3 {20} f4 {333} 21. Rad1 {817} Qf7 {1259} 22. Rd6 {773} Bf5 {457}
23. h4 {1084} h6 {606} 24. h5 {95} Ne7 {30} 25. Bxe7 {228} Rxe7 {34} 26. Bxf5 {
237} Qxf5 {25} 27. Rxc6 {4} Qxh5 {32} 28. Rd6 {52} e4 {195} 29. Re1 {710} Qh4 {
421} 30. c6 {722} Rff7 {867} 31. Red1 {500} exf3 {177} 32. Qxf3 {122} Re1+ {134
} 33. Rxe1 {3} Qxe1+ {6} 34. Kh2 {24} Qe5 {220} 35. Qd5 {115} Qxd5 {169} 36.
Rxd5 {5} Rc7 {14} 37. Rd6 {269} Kg8 {6} 38. b4 {57} Kf7 {37} 39. b5 {54} Ke7 {6
} 40. Rd4 {13} g5 {59} 41. Kh3 {155} h5 {1168} 42. Rd5 {32} g4+ {68} 43. Kh4 {
169} Ke6 {396} 44. Rd3 {146} Rf7 {52} 45. Rd1 {947} Rf5 {288} 46. Rc1 {189} Rf8
47. Kxh5 {256} f3 {10} 48. g3 {77} Kf5 {87} 49. Kh6 {146} Kf6 {24} 50. Kh7 {52}
Rf7+ {37} 51. Kg8 {37} Rc7 {6} 52. a4 {48} Rc8+ {40} 53. Kh7 {4} Rc7+ {29} 54.
Kh6 {9} Rc8 {34} 55. Kh5 {33} Kf5 {44} 56. Rc5+ {54} Ke4 {7} 57. Kxg4 {38} f2 {
44} 58. Rc1 {19} Rg8+ {21} 59. Kh5 {74} Kf5 {47} 60. g4+ {57} Kf4 {24} 61. c7 {
51} Rc8 {38} 62. a5 {6} Ke5 {29} 63. b6 {11} axb6 {13} 64. axb6 {3} Kf6 {48}
65. Kh4 {21} Ke6 {26} 66. Kg3 {60} Rf8 {28} 67. b7 {32} Kd5 {3} 1-0

[Event "Top 16 Groupe B"]
[Site "Chartres, France"]
[Date "2024.06.05"]
[Round "7.16"]
[White "Navrotescu, Andreea"]
[Black "Monpeurt, Cyrielle"]
[Result "1-0"]
[WhiteElo "2220"]
[BlackElo "2158"]
[PlyCount "53"]
[EventDate "2024.??.??"]

1. d4 {40} d5 {23} 2. c4 {10} c6 {5} 3. Nf3 {6} Nf6 {18} 4. Qc2 {6} dxc4 {30}
5. Qxc4 {10} Bf5 {68} 6. g3 {19} e6 {84} 7. Bg2 {9} Be7 {70} 8. O-O {92} O-O {
92} 9. Bf4 {83} Nbd7 {222} 10. Qb3 {32} Qb6 {267} 11. Nbd2 {86} h6 {498} 12.
Nc4 {69} Qxb3 {636} 13. axb3 {2} Nd5 {6} 14. Bd6 {51} Bh7 {605} 15. Nfd2 {543}
Bxd6 {823} 16. Nxd6 {23} Rfb8 {7} 17. N2c4 {95} b6 {430} 18. Rfc1 {249} a5 {166
} 19. Ne3 {119} Nb4 {186} 20. Bxc6 {122} Nxc6 {4} 21. Rxc6 {7} Kf8 {338} 22.
Rc7 {169} Rd8 {392} 23. Nb7 {145} Rdc8 {68} 24. Rxd7 {30} Ke8 {11} 25. Rd6 {32}
Rcb8 {412} 26. Rxb6 {35} Kf8 {41} 27. Nc4 {29} 1-0

[Event "Top 16 Groupe B"]
[Site "Chartres, France"]
[Date "2024.06.05"]
[Round "7.17"]
[White "Grandelius, Nils"]
[Black "Tabatabaei, M. Amin"]
[Result "1/2-1/2"]
[WhiteElo "2664"]
[BlackElo "2707"]
[PlyCount "64"]
[EventDate "2024.??.??"]

1. e4 {3} e6 {305} 2. d4 {38} d5 {5} 3. exd5 {45} exd5 {8} 4. Nf3 {6} Nf6 {141}
5. Bd3 {38} Bd6 {9} 6. Qe2+ {17} Be7 {69} 7. O-O {125} O-O {7} 8. Re1 {69} Nc6
{30} 9. Bg5 {204} h6 {17} 10. Bxf6 {422} Bxf6 {18} 11. c3 {4} g6 {763} 12. Qc2
{331} Qd6 {207} 13. Nbd2 {67} a5 {165} 14. Re3 {1281} Bd7 {125} 15. Rae1 Rae8 {
16} 16. a3 {374} Bg7 {102} 17. Qb3 {780} b6 {232} 18. Bb5 {141} Rxe3 {113} 19.
Rxe3 {301} Be6 {34} 20. Qa4 {205} Ne7 {213} 21. Ne5 {43} c5 {252} 22. Ndf3 {169
} cxd4 {1155} 23. cxd4 {17} Rc8 {6} 24. Re1 {83} Rc7 {832} 25. Bd3 {126} Bf6 {
75} 26. h3 {261} Kg7 {30} 27. Qd1 {122} Bf5 {223} 28. Qd2 {186} Bxd3 {279} 29.
Qxd3 {3} Nf5 {7} 30. g3 {109} Re7 {350} 31. Kg2 {131} Re6 {263} 32. Re2 {69}
Re7 {75} 1/2-1/2

[Event "Top 16 Groupe B"]
[Site "Chartres, France"]
[Date "2024.06.05"]
[Round "7.18"]
[White "Niemann, Hans Moke"]
[Black "Salgado Lopez, Ivan"]
[Result "1/2-1/2"]
[WhiteElo "2688"]
[BlackElo "2608"]
[PlyCount "68"]
[EventDate "2024.??.??"]

1. c4 {58} Nf6 {29} 2. Nc3 {222} e5 {35} 3. Nf3 {27} Nc6 {31} 4. e4 {47} Bb4 {
178} 5. d3 {16} d6 {168} 6. a3 {17} Bc5 {112} 7. b4 {26} Bb6 {71} 8. Na4 {9}
Bg4 {140} 9. Nxb6 {15} axb6 {30} 10. Bb2 {18} Nd4 {142} 11. Bxd4 {155} Bxf3 {
168} 12. Qxf3 {17} exd4 {7} 13. Be2 {29} Qe7 {91} 14. Qg3 {90} O-O {50} 15. O-O
{150} Nd7 {585} 16. f4 {33} Ra7 {92} 17. Bf3 {926} Rfa8 {455} 18. Rae1 {929}
Rxa3 {239} 19. Bg4 {6} Nf8 {459} 20. e5 {87} c6 {342} 21. e6 {112} fxe6 {553}
22. f5 {7} e5 {110} 23. f6 {6} Qf7 {26} 24. c5 {6} bxc5 {75} 25. bxc5 {6} dxc5
{35} 26. Qxe5 {280} Rxd3 {139} 27. Qxc5 {879} Re3 {492} 28. Rxe3 {1169} dxe3 {
10} 29. Be2 {24} Kh8 {424} 30. Bh5 {577} Ng6 {369} 31. Bxg6 {101} hxg6 {13} 32.
fxg7+ {4} Qxg7 {8} 33. Qxe3 {3} Ra1 {333} 34. Qh3+ {6} Kg8 {6} 1/2-1/2